000 01358nam0a2200361 4500
001 RU\NLR\BIBL_A\022595685
005 20260420051607.0
010 _a978-5-00250-375-9
_97000
021 _aRU
_bКН-П-25-034651
_9КН-П-25-3419
035 _a(NLR Aleph) 022595685
090 _a13680237
_c13680237
100 _a20250804d2025 u y0rusy50 ca
101 0 _arus
102 _aRU
105 _aa z 000ay
181 0 _ai3
_bxxxe
182 0 _an
200 1 _aАндрюха, у нас...
_fМелалика Невинная
_g[иллюстрации: анич]
203 _aТекст
_bвизуальный
_cнепосредственный
210 _aМосква
_cМИФ
_d2025
215 _a286, [1] с.
_cил.
_d21
225 1 _aRed Violet
_iБольше чем магия
225 1 _aФэнтези
333 _a16+
686 2 _aШ6(2=Р)8-445
700 1 _7ca
_8rus
_aНевинная
_bМ.
_f1982-
_gМелалика
_9219893
_3RU\NLR\AUTH\770219949
702 0 _4440
_7ca
_8rus
_aанич
_cпсевдоним
_cхудожник-иллюстратор
_f2003-
_92677574
_3RU\NLR\AUTH\770284512
942 _cBOOK
980 _aNB